000 00304nam a22001337a 4500
008 170922b xxu||||| |||| 00| 0 eng d
020 _a9780304322572
041 _aeng
080 _a37
100 _a46
101 _aEDU
245 _aCHANGING TEACHERS, CHANGING TIMES
_cHARGREAVES,A
942 _2udc
_cBK
999 _c29064
_d29064